Emergencies in general practice, (Record no. 87306)
[ view plain ]
| 000 -LEADER | |
|---|---|
| fixed length control field | 00633nam a22002291 4500 |
| 001 - CONTROL NUMBER | |
| control field | sa 68016784 |
| 003 - CONTROL NUMBER IDENTIFIER | |
| control field | DLC |
| 005 - DATE AND TIME OF LATEST TRANSACTION | |
| control field | 20260227112657.0 |
| 008 - FIXED-LENGTH DATA ELEMENTS--GENERAL INFORMATION | |
| fixed length control field | 710422s1967 ii a 00010 eng |
| 010 ## - LIBRARY OF CONGRESS CONTROL NUMBER | |
| LC control number | sa 68016784 |
| 025 ## - OVERSEAS ACQUISITION NUMBER | |
| Overseas acquisition number | PL480:I-E-9983 |
| 050 0# - LIBRARY OF CONGRESS CALL NUMBER | |
| Classification number | RC87 |
| Item number | .G93 1967 |
| 082 ## - DEWEY DECIMAL CLASSIFICATION NUMBER | |
| Classification number | 616 |
| 100 10 - MAIN ENTRY--PERSONAL NAME | |
| Personal name | Gupta, Dharam Pal, |
| Dates associated with a name | 1919- |
| 245 1# - TITLE STATEMENT | |
| Title | Emergencies in general practice, |
| Statement of responsibility, etc. | by D. P. Gupta. With a foreword by D. N. Sharma. |
| 250 ## - EDITION STATEMENT | |
| Edition statement | 2d ed. |
| 260 0# - PUBLICATION, DISTRIBUTION, ETC. | |
| Place of publication, distribution, etc. | Madras, |
| Name of publisher, distributor, etc. | Mediscope, |
| Date of publication, distribution, etc. | 1967. |
| 300 ## - PHYSICAL DESCRIPTION | |
| Extent | 461 p. |
| Other physical details | illus. |
| Dimensions | 26 cm. |
| 350 ## - PRICE (NR) (BK AM CF MU VM SE) [OBSOLETE] | |
| Price | Rs32.00 |
| 650 #0 - SUBJECT ADDED ENTRY--TOPICAL TERM | |
| Topical term or geographic name entry element | Medical emergencies. |
| 650 #0 - SUBJECT ADDED ENTRY--TOPICAL TERM | |
| Topical term or geographic name entry element | Medicine |
| General subdivision | Practice. |
No items available.